| 000 -LEADER |
| fixed length control field |
01668cam a22004217a 4500 |
| 001 - CONTROL NUMBER |
| control field |
14005338 |
| 003 - CONTROL NUMBER IDENTIFIER |
| control field |
NUST |
| 005 - DATE AND TIME OF LATEST TRANSACTION |
| control field |
20191003151018.0 |
| 008 - FIXED-LENGTH DATA ELEMENTS--GENERAL INFORMATION |
| fixed length control field |
050616s2004 dcuadk b 000 0 eng d |
| 010 ## - LIBRARY OF CONGRESS CONTROL NUMBER |
| LC control number |
2004096315 |
| 020 ## - INTERNATIONAL STANDARD BOOK NUMBER |
| International Standard Book Number |
0309070155 |
| 035 ## - SYSTEM CONTROL NUMBER |
| System control number |
(OCoLC)ocm57313161 |
| 038 ## - RECORD CONTENT LICENSOR |
| Staff Name |
MSOHAIL |
| 040 ## - CATALOGING SOURCE |
| Original cataloging agency |
TRL |
| Transcribing agency |
TRL |
| Modifying agency |
DAY |
| -- |
OCLCQ |
| -- |
DLC |
| 042 ## - AUTHENTICATION CODE |
| Authentication code |
lccopycat |
| 043 ## - GEOGRAPHIC AREA CODE |
| Geographic area code |
n------ |
| 050 00 - LIBRARY OF CONGRESS CALL NUMBER |
| Classification number |
TE195 |
| Item number |
.W54 2004 |
| 082 00 - DEWEY DECIMAL CLASSIFICATION NUMBER |
| Classification number |
363.12564 |
| Edition number |
22 |
| 100 1# - MAIN ENTRY--PERSONAL NAME |
| Personal name |
Wilson, Eugene M. |
| Fuller form of name |
(Eugene Madison), |
| Dates associated with a name |
1943- |
| 9 (RLIN) |
22598 |
| 245 10 - TITLE STATEMENT |
| Title |
Road safety audits / |
| Statement of responsibility, etc. |
Eugene M. Wilson and Martin E. Lipinski. |
| 260 ## - PUBLICATION, DISTRIBUTION, ETC. |
| Place of publication, distribution, etc. |
Washington, D.C. : |
| Name of publisher, distributor, etc. |
Transportation Research Board, National Research Council, |
| Date of publication, distribution, etc. |
c2004. |
| 300 ## - PHYSICAL DESCRIPTION |
| Extent |
127 p. : |
| Other physical details |
ill., charts, forms ; |
| Dimensions |
28 cm. |
| 490 1# - SERIES STATEMENT |
| Series statement |
NCHRP synthesis, |
| International Standard Serial Number |
0547-5570 ; |
| Volume/sequential designation |
336 |
| 504 ## - BIBLIOGRAPHY, ETC. NOTE |
| Bibliography, etc. note |
Includes bibliographical references. |
| 650 #0 - SUBJECT ADDED ENTRY--TOPICAL TERM |
| Topical term or geographic name entry element |
Roads |
| General subdivision |
Inspection |
| Geographic subdivision |
North America. |
| 9 (RLIN) |
22785 |
| 650 #0 - SUBJECT ADDED ENTRY--TOPICAL TERM |
| Topical term or geographic name entry element |
Roads |
| Geographic subdivision |
North America |
| General subdivision |
Safety measures |
| -- |
Evaluation. |
| 9 (RLIN) |
22786 |
| 650 #0 - SUBJECT ADDED ENTRY--TOPICAL TERM |
| Topical term or geographic name entry element |
Traffic safety |
| Geographic subdivision |
North America |
| General subdivision |
Evaluation. |
| 9 (RLIN) |
22787 |
| 650 #0 - SUBJECT ADDED ENTRY--TOPICAL TERM |
| Topical term or geographic name entry element |
Traffic engineering |
| Geographic subdivision |
North America |
| General subdivision |
Evaluation. |
| 9 (RLIN) |
22788 |
| 650 #7 - SUBJECT ADDED ENTRY--TOPICAL TERM |
| Topical term or geographic name entry element |
safety audits. |
| Source of heading or term |
trt |
| 9 (RLIN) |
22789 |
| 653 ## - INDEX TERM--UNCONTROLLED |
| Uncontrolled term |
Road safety audits. |
| 700 1# - ADDED ENTRY--PERSONAL NAME |
| Personal name |
Lipinski, Martin E. |
| 9 (RLIN) |
22790 |
| 710 2# - ADDED ENTRY--CORPORATE NAME |
| Corporate name or jurisdiction name as entry element |
National Cooperative Highway Research Program. |
| 9 (RLIN) |
20864 |
| 830 #0 - SERIES ADDED ENTRY--UNIFORM TITLE |
| Uniform title |
Synthesis of highway practice ; |
| Volume/sequential designation |
336. |
| 9 (RLIN) |
22791 |
| 856 41 - ELECTRONIC LOCATION AND ACCESS |
| Uniform Resource Identifier |
<a href="http://www.trb.org/publications/nchrp/nchrp%5Fsyn%5F336.pdf">http://www.trb.org/publications/nchrp/nchrp%5Fsyn%5F336.pdf</a> |
| 906 ## - LOCAL DATA ELEMENT F, LDF (RLIN) |
| a |
7 |
| b |
cbc |
| c |
copycat |
| d |
2 |
| e |
epcn |
| f |
20 |
| g |
y-gencatlg |
| 942 ## - ADDED ENTRY ELEMENTS (KOHA) |
| Source of classification or shelving scheme |
|
| Koha item type |
Book |